Pequeno manual de monstros caseiros (Record no. 194627)

MARC details
000 -LÍDER
campo de controle de tamanho fixo 00415 a2200157 4500
001 - NÚMERO DE CONTROLE
campo de controle 194627
020 ## - ISBN - INTERNATIONAL STANDARD BOOK NUMBER
ISBN - International Standard Book Number 978-85-7406-016-3
040 ## - FONTE DA CATALOGAÇÃO
Instituição que transcreveu o registro Magnum
100 ## - ENTRADA PRINCIPAL--NOME PESSOAL
Nome pessoal Marjanovic, Stanislav
240 10 - TÍTULO UNIFORME
Título uniforme Pequeno manual de monstros caseiros
Idioma da obra por
245 10 - TÍTULO
Título Pequeno manual de monstros caseiros
362 0# - DATAS DE PUBLICAÇÃO E/OU DESIGNAÇÃO SEQUENCIAL
Datas de publicação e/ou designação sequencial 1998
440 #1 - DECLARAÇÃO DE SÉRIE/ENTRADA ADICIONADA--TÍTULO
Título Companhia das Letrinhas
697 ## - ENTRADA DE ASSUNTO LOCAL--ENTIDADE COLETIVA (RLIN)
Nome corporativo ou nome da jurisdição LITERATURA INFANTO-JUVENIL ESTRANGEIRA
942 ## - ELEMENTOS DE ENTRADA ADICIONADOS (KOHA)
Tipo de material Koha Livros
Holdings
Situação do descarte Situação das perdas Situação física Não pode ser emprestado Biblioteca de origem Biblioteca atual Data de aquisição Total de empréstimos Número de chamada completo Código de barras Data de último acesso Data do preço efetivo Tipo de material Koha
        Magnum Magnum 08/06/2024   890.4.95 MAG00073968 08/06/2024 08/06/2024 Livros